Statistiques concernant Drapeaux, formes et capitales - Afrique

Cliquez ici pour prendre le quiz!

Statistiques générales

  • Ce quiz a été pris 252 fois
  • Le résultat moyen est 85 sur 162

Statistiques - réponses

Réponse% Correct
Afrique du Sud
95%
Egypte
95%
Algérie
94%
Maroc
93%
Tunisie
92%
Côte d'Ivoire
91%
Kenya
91%
Nigeria
89%
Angola
85%
Ethiopie
85%
Ghana
85%
Sénégal
85%
Mali
84%
République Démocratique du Congo
84%
Tanzanie
84%
Tchad
84%
Somalie
83%
Liberia
82%
Seychelles
82%
Cameroun
81%
Mauritanie
81%
Niger
81%
Cap-Vert
79%
Gabon
79%
Libye
79%
Madagascar
79%
Ouganda
79%
Burundi
76%
Eswatini
76%
Benin
75%
Comores
75%
Soudan
75%
Malawi
74%
Maroc
74%
Mozambique
74%
Zambie
74%
Lesotho
73%
Maurice
73%
République Centrafricaine
73%
République du Congo
73%
Sierra Leone
73%
Togo
73%
Zimbabwe
73%
Botswana
72%
Burkina Faso
72%
Djibouti
72%
Guinée
72%
Rwanda
70%
Soudan du Sud
70%
Afrique du Sud
69%
Erythrée
68%
Sénégal
68%
Somalie
68%
Egypte
67%
Madagascar
67%
Alger
65%
Gambie
65%
Namibie
65%
Guinée-Bissau
64%
Guinée Equatoriale
64%
Le Caire
64%
Mali
61%
Rabat
61%
Sao Tomé et Principe
58%
Tunis
58%
Pretoria (administratif) / Le Cap (législatif) / Bloemfontein (judiciaire)
57%
Gambie
56%
Namibie
56%
Benin
54%
Nairobi
53%
Dakar
52%
Algérie
51%
Cameroun
51%
Tchad
51%
Kinshasa
50%
Bamako
49%
Libye
48%
Togo
48%
Cap-Vert
47%
Malawi
47%
Mauritanie
47%
Comores
46%
Maurice
46%
Accra
45%
Mozambique
45%
Yamoussoukro
45%
Yaoundé
45%
Addis-Abeba
44%
Antananarivo
44%
République Démocratique du Congo
44%
Niger
43%
Abuja
42%
Brazzaville
42%
Djibouti
42%
Erythrée
42%
Ethiopie
42%
Zambie
42%
Angola
41%
Niamey
41%
Ouagadougou
41%
Luanda
40%
Nouakchott
40%
Kigali
39%
Libreville
39%
N'djamena
39%
Soudan
39%
Guinée Equatoriale
38%
Tripoli
38%
Dodoma
37%
Khartoum
37%
Port-Louis
37%
Praia
37%
Burkina Faso
36%
Harare
36%
Maputo
36%
Porto-Novo
36%
Seychelles
36%
Tunisie
36%
Lomé
35%
Monrovia
35%
République du Congo
35%
Freetown
34%
Mogadiscio
34%
Sao Tomé et Principe
34%
Conakry
33%
Djouba
33%
République Centrafricaine
33%
Sao Tomé
33%
Victoria
33%
Bangui
31%
Banjul
31%
Côte d'Ivoire
31%
Ghana
31%
Moroni
31%
Windhoek
31%
Asmara
30%
Bissau
30%
Gabon
30%
Gaborone
30%
Kampala
29%
Lilongwe
29%
Nigeria
29%
Gitega
28%
Guinée
28%
Mbabane
27%
Soudan du Sud
27%
Lusaka
26%
Malabo
26%
Liberia
25%
Maseru
25%
Zimbabwe
22%
Sierra Leone
21%
Guinée-Bissau
20%
Kenya
20%
Tanzanie
20%
Botswana
19%
Djibouti
19%
Burundi
18%
Eswatini
18%
Ouganda
18%
Lesotho
17%
Rwanda
16%

Distribution des résultats

Percentile par nombre de réponses

% des personnes avec chaque résultat

Votre développement - résultats

Vous n’avez pas pris ce quiz